NATURAL PRODUCTS CHEMISTRY PRACTICAL MANUAL : FOR ---- COURSE (Record no. 6181)

MARC details
000 -LEADER
fixed length control field 00495nam a22001697a 4500
005 - DATE AND TIME OF LATEST TRANSACTION
control field 20240110130144.0
008 - FIXED-LENGTH DATA ELEMENTS--GENERAL INFORMATION
fixed length control field 200320b xxu||||| |||| 00| 0 eng d
020 ## - INTERNATIONAL STANDARD BOOK NUMBER
ISBN 9788123916217
041 ## - LANGUAGE CODE
Language code of text/sound track or separate title eng
082 ## - DEWEY DECIMAL CLASSIFICATION NUMBER
Classification number 547.7
100 ## - MAIN ENTRY--AUTHOR NAME
Personal name SIDDIQUI ,ANEES A , AND SEEMI, SIDDIQUI
245 ## - TITLE STATEMENT
Title NATURAL PRODUCTS CHEMISTRY PRACTICAL MANUAL : FOR ---- COURSE
260 ## - PUBLICATION, DISTRIBUTION, ETC. (IMPRINT)
Place of publication NEW dELHI
Name of publisher CBS PUBLISHERS AND DISTRIBUTORS
Year of publication 2019
300 ## - PHYSICAL DESCRIPTION
Number of Pages 274P. ; X
650 ## - SUBJECT ADDED ENTRY--TOPICAL TERM
Topical Term PHARMACY
General subdivision B.PHARMA
942 ## - ADDED ENTRY ELEMENTS (KOHA)
Koha item type Books
Holdings
Lost status Damaged status Collection code Home library Current library Shelving location Date acquired Source of acquisition Cost, normal purchase price Full call number Accession Number Koha item type
    PHARMACY JRU Library JRU Library Shelf - 27- I 20/03/2020 PURCHASE 350.00 547.7 23873 Books
    Reference JRU Library JRU Library SHELF-3-D 09/02/2022 PURCHASE 450.00 547.7 26045 Books
    PHARMACY JRU Library JRU Library Shelf - 27- A 09/02/2022 PURCHASE 450.00 547.7 26046 Books